[Event "TCh-AUT 2006-7"]
[Site "Mattersburg AUT"]
[Date "2007.03.09"]
[Round "9"]
[White "Balinov,I"]
[Black "Kreisl,R"]
[Result "1/2-1/2"]
[WhiteElo "2516"]
[BlackElo "2289"]

1.Nf3 Nf6 2.c4 c5 3.Nc3 d5 4.cxd5 Nxd5 5.e4 Nxc3 6.bxc3 g6 7.Qa4+ Bd7 8.Qb3 Qb6
9.Qxb6 axb6 10.Ne5 Bg7 11.Nxd7 Kxd7 12.Bb5+ Nc6 13.a4 Kc7 14.Ra3 Ra5 15.Ke2 Rha8
16.Bb2 e6 17.Rha1 Na7 18.Bd3 Nc6 19.f4 Rd8 20.Bb5 Na7 21.Bc4 Nc6 22.Rb1 Rda8
23.Rba1 Rd8 24.Bc1 Ne7 25.Bb2 Nc6 26.g3 Rda8 27.Kd1 Rd8 28.Kc2 Ne7 29.Re1 Rda8
30.Bb5 Nc8 31.Kb3 Nd6 32.Bf1 c4+ 33.Bxc4 Nxc4 34.Kxc4 b5+ 35.Kd3 bxa4 36.Ra2 b5
37.Ba3 Bf8 38.Bxf8 Rxf8 39.Rb1 Rd8+ 40.Kc2 Kc6 41.Rb4 h5 42.h4 f6 43.Ra1 g5
44.hxg5 fxg5 45.Rh1 a3 46.Rbb1 gxf4 47.gxf4 Rf8 48.Rh4 Ra4 49.d4 a2 50.Ra1 Ra3
51.Kb2 Rfa8 52.Rxh5 b4 53.cxb4 Rf3 54.Rc5+ Kb6 55.f5 Ra4 56.fxe6 Rxb4+ 57.Kc2 Rf2+
58.Kd3 Rb3+ 59.Kc4 Rb1 60.e7 Rxa1 61.Kd5 Rd1 62.Rc6+ Kb7 63.e8=Q Rxd4+ 64.Kc5 Rc2+
65.Kb5 Rb2+ 66.Kc5 Rc2+ 67.Kb5 Rb2+ 68.Kc5 Rc2+ 69.Kb5  1/2-1/2

[Event "TCh-AUT 2006-7"]
[Site "Mattersburg AUT"]
[Date "2007.03.09"]
[Round "9"]
[White "Schlosser,P"]
[Black "Beliavsky,A"]
[Result "1/2-1/2"]
[WhiteElo "2562"]
[BlackElo "2639"]

1.c4 e6 2.Nc3 c5 3.Nf3 Nf6 4.e4 Nc6 5.Be2 d5 6.exd5 exd5 7.d4 cxd4 8.Nxd4 Bc5
9.Nxc6 bxc6 10.O-O O-O 11.Bg5 Be6 12.cxd5 cxd5 13.Rc1 Be7 14.Nb5 h6 15.Be3 Ne4
16.a3 a5 17.Qd3 Rb8 18.Rfd1 Nd6 19.a4 Nf5 20.Bd2 Bf6 21.b3 d4 22.Rc5 Nh4
23.g3 Ng6 24.f4 Ne7 25.Bf3 Qb6 26.Rdc1 Rfc8 27.b4  1/2-1/2

[Event "TCh-NOR 2006-7"]
[Site "Oslo NOR"]
[Date "2007.03.10"]
[Round "8"]
[White "Hole,O"]
[Black "Hansen,TR"]
[Result "0-1"]
[WhiteElo "2410"]
[BlackElo "2340"]

1.Nf3 Nf6 2.c4 e6 3.Nc3 c5 4.g3 b6 5.Bg2 Bb7 6.O-O Be7 7.Re1 Ne4 8.Nxe4 Bxe4
9.d3 Bb7 10.e4 Nc6 11.d4 cxd4 12.Nxd4 Nxd4 13.Qxd4 O-O 14.Rd1 d6 15.a4 Qc7
16.Ra2 Qc6 17.b3 f5 18.Re2 Rad8 19.Ba3 f4 20.Qd3 Qe8 21.Red2 e5 22.g4 f3
23.Bxf3 Qg6 24.h3 h5 25.Bg2 hxg4 26.hxg4 Rf4 27.f3 Qh6 28.Bh1 Bxe4 29.fxe4 Rxg4+
30.Bg2 Bg5 31.Re2 Bf4 32.Kf1 Bg3 33.Rf2 Bxf2 34.Kxf2 Qh2 35.Qh3 Rxg2+  0-1

[Event "VS Arhipov Mem"]
[Site "Chelyabinsk RUS"]
[Date "2007.03.11"]
[Round "3"]
[White "Mkrtchian,L"]
[Black "Ponkratov,P"]
[Result "1/2-1/2"]
[WhiteElo "2458"]
[BlackElo "2469"]

1.Nf3 Nf6 2.c4 c5 3.Nc3 e6 4.g3 b6 5.Bg2 Bb7 6.O-O Be7 7.Re1 Ne4 8.Nxe4 Bxe4
9.d3 Bb7 10.d4 cxd4 11.Qxd4 O-O 12.Bf4 Nc6 13.Qd1 Na5  1/2-1/2

[Event "TCh-AUT 2006-7"]
[Site "Mattersburg AUT"]
[Date "2007.03.11"]
[Round "11"]
[White "Schlosser,P"]
[Black "Rotstein,A"]
[Result "0-1"]
[WhiteElo "2562"]
[BlackElo "2545"]

1.c4 Nf6 2.Nc3 c5 3.Nf3 d5 4.cxd5 Nxd5 5.d4 cxd4 6.Qxd4 Nxc3 7.Qxc3 Nc6 8.e4 e6
9.a3 Bd7 10.Be2 Rc8 11.O-O Na5 12.Qd3 Ba4 13.Qxd8+ Rxd8 14.Be3 Nb3 15.Rad1 Bc5
16.Rxd8+ Kxd8 17.Bxc5 Nxc5 18.e5 Nd7 19.Rc1 Bc6 20.Nd4 Nxe5 21.Rc5 Bd5 22.f4 Nc6
23.Nxc6+ Bxc6 24.Kf2 Ke7 25.g3 h6 26.h4 Kd6 27.b4 b6 28.Rc3 Bd5 29.Ba6 g5
30.Rc8 Rxc8 31.Bxc8 gxh4 32.gxh4 b5 33.Ke3 Bc6 34.Kd4 f6 35.Ke3 Kd5 36.Kd3 e5
37.fxe5 Kxe5 38.Ke3 f5 39.Ba6 f4+ 40.Kd3 Bd7 41.Bb7 Be6 42.Bc6 Bc4+ 43.Kc3 Bf1
44.Bf3 Bc4 45.Bc6 Bd5 46.Bxb5 f3 47.Bf1 Kf4 48.Kd4 Bb3 49.Kc3 Bd1 50.Kd3 Kg3
51.Ke3 Ba4 52.Bd3 f2 53.Bf1 h5  0-1

[Event "TCh-NOR 2006-7"]
[Site "Oslo NOR"]
[Date "2007.03.11"]
[Round "9"]
[White "Skrondal,I"]
[Black "Svendsen,B"]
[Result "1-0"]
[WhiteElo "2157"]
[BlackElo "2221"]

1.Nf3 Nf6 2.c4 e6 3.Nc3 c5 4.g3 Nc6 5.Bg2 Be7 6.O-O O-O 7.d4 cxd4 8.Nxd4 a6
9.e4 Qc7 10.Be3 Ne5 11.b3 Rb8 12.Rc1 Neg4 13.Bf4 d6 14.h3 Ne5 15.Be3 b6 16.f4 Ned7
17.Nd5 exd5 18.cxd5 Nc5 19.b4 Qd7 20.bxc5 bxc5 21.Nc6 Rb2 22.Rf2 Rxf2 23.Bxf2 Ne8
24.e5 Bd8 25.Rb1 dxe5 26.Nxd8 Qxd8 27.fxe5 Bf5 28.Rc1 Nc7 29.Rxc5 Ne6 30.Rc1 Ng5
31.Kh2 Ne4 32.Qd4 Nxf2 33.Qxf2 Bd7 34.Qd2 Re8 35.Re1 Qc7 36.Qf4 Bb5 37.a4 Qa5
38.e6 fxe6 39.Rxe6 Rf8 40.Qg5 Be8 41.Qe5 Bf7 42.Re7 Qxa4 43.d6 Qb5 44.Qf4 Qd3
45.d7 a5 46.Qe5 Qd2 47.Qf5 a4 48.Rxf7 Rxf7 49.Qd5  1-0

[Event "I Open"]
[Site "La Laguna ESP"]
[Date "2007.03.12"]
[Round "9"]
[White "Villavicencio Martinez,C"]
[Black "Mendoza,L"]
[Result "1-0"]
[WhiteElo "2161"]
[BlackElo "2256"]

1.Nf3 Nf6 2.c4 c5 3.Nc3 g6 4.g3 Bg7 5.Bg2 O-O 6.O-O Nc6 7.d4 cxd4 8.Nxd4 Nxd4
9.Qxd4 d6 10.Qd3 a6 11.Be3 Ng4 12.Bd4 Ne5 13.Qd1 Rb8 14.Ba7 Ra8 15.Bd4 Re8
16.b3 Rb8 17.Rc1 Bh6 18.f4 Nc6 19.Bf2 Bd7 20.Nd5 Bg7 21.Bb6 Qc8 22.Re1 Bh3
23.Bh1 h5 24.e3 h4 25.Bf3 hxg3 26.hxg3 f5 27.Nc7 Bg4 28.Bxg4 fxg4 29.Nxe8 Qxe8
30.Qxg4  1-0

[Event "ch-SRB"]
[Site "Vrsac SRB"]
[Date "2007.03.12"]
[Round "8"]
[White "Ivanisevic,I"]
[Black "Vuckovic,Bo"]
[Result "1/2-1/2"]
[WhiteElo "2602"]
[BlackElo "2551"]

1.Nf3 Nf6 2.c4 c5 3.Nc3 e6 4.d4 cxd4 5.Nxd4 Nc6 6.e4 Bb4 7.Nxc6 bxc6 8.Bd3 e5
9.O-O O-O 10.Be3 d6 11.h3 Bc5 12.Qd2 Be6 13.Rad1 Nd7 14.Bxc5 Nxc5 15.b3 Qb6
16.Kh2 a5 17.Bc2 a4 18.Qxd6 axb3 19.axb3 Nxb3 20.Nd5 Bxd5 21.exd5 Nd4 22.Be4 Qb8
23.Qxb8 Raxb8 24.f4 cxd5 25.fxe5 dxe4 26.Rxd4 Rb2 27.Kg3 Rc2 28.Re1 g6 29.Rexe4 Rc8
30.Kf3 Rc7 31.h4 Rc3+ 32.Kf4 Kg7 33.e6 fxe6 34.Ke5 Rc6 35.g4 Kf7 36.Rd7+ Kg8
37.Rd8+ Kf7 38.Rd7+ Kg8 39.Red4 R3xc4 40.Rd8+ Kg7 41.R4d7+ Kh6 42.g5+ Kh5
43.Rxh7+ Kg4 44.Rd6 Rxd6 45.Kxd6 e5 46.Kxe5 Rc6 47.Rh8 Ra6 48.Kd5 Rb6 49.Kd4  1/2-1/2

[Event "Victor Ciocaltea Mem"]
[Site "Bucharest ROM"]
[Date "2007.03.15"]
[Round "9"]
[White "Barnaure,V"]
[Black "Milanovic,Da"]
[Result "1-0"]
[WhiteElo "2433"]
[BlackElo "2519"]

1.Nf3 Nf6 2.c4 c5 3.Nc3 b6 4.d4 cxd4 5.Nxd4 Bb7 6.f3 d6 7.e4 e6 8.Be3 Be7
9.Be2 O-O 10.O-O a6 11.Qd2 Qc7 12.Rfd1 Nbd7 13.Rac1 Rac8 14.Bf1 Qb8 15.a3 Bd8
16.Nb3 Bc7 17.Bf4 Ne5 18.Bg3 Nh5 19.Bxe5 dxe5 20.Kh1 Rfd8 21.Qe3 Nf6 22.c5 b5
23.a4 b4 24.Na2 a5 25.Bb5 Qa7 26.Qe2 Ba8 27.Rc2 h5 28.Rcd2 Rf8 29.Nac1 g6
30.Nd3 Kg7 31.h4 Rcd8 32.Nf2 Bb7 33.Nh3 Rxd2 34.Rxd2 Bd8 35.Ng5 Be7 36.c6 Bc8
37.g3 Bd8 38.Nh3 Nh7 39.Nf2 g5 40.hxg5 Bxg5 41.Rd1 h4 42.gxh4 Bxh4 43.Nd3 Rh8
44.Kg2 Rg8 45.Rh1 Kh8+ 46.Kf1 Bg3 47.Nbc5 Rg5 48.Qe3 f6 49.Ke2 Qg7 50.Rg1 Nf8
51.Kd1 Ng6 52.Qe2 Nf4 53.Nxf4 exf4 54.Qc4 Qe7 55.Rh1+ Kg7 56.Nd7 Bf2 57.e5 fxe5
58.Qc2 Bh4 59.Nb6 Qd8+ 60.Nd7 Qe7 61.Qe4 Qd6+ 62.Qd3 Qe7 63.Nb6 Qc5 64.Nxc8 Rg1+
65.Rxg1+ Qxg1+ 66.Kc2  1-0

[Event "ch-RUS U20"]
[Site "Saint Petersburg RUS"]
[Date "2007.03.17"]
[Round "7"]
[White "Iljin,A"]
[Black "Ponkratov,P"]
[Result "1-0"]
[WhiteElo "2529"]
[BlackElo "2469"]

1.Nf3 c5 2.c4 Nf6 3.Nc3 d5 4.cxd5 Nxd5 5.d4 cxd4 6.Qxd4 e6 7.e4 Nxc3 8.Qxc3 Nc6
9.Bb5 Bd7 10.O-O Qb6 11.a4 Qc5 12.Qd3 Qd6 13.Qe2 a6 14.e5 Qc7 15.Bd3 Be7
16.Bd2 O-O 17.Qe4 g6 18.h4 Rfd8 19.Rac1 Be8 20.Bb1 Qb6 21.Bc3 Nb4 22.a5 Qb5
23.Nd4 Qd5 24.Qf4 Na2 25.Be4 Qd7 26.Rcd1 Nxc3 27.bxc3 Qc7 28.Rd3 Qxa5 29.h5 Rac8
30.hxg6 hxg6 31.Rh3 Rxc3 32.Nf3 Rxf3 33.gxf3 Bf8 34.Bxg6 Bg7 35.Be4 Qxe5
36.Qxe5 Bxe5 37.Bxb7 a5 38.Rh5 f6 39.Rh4 a4 40.Ba6 a3 41.Bc4 Rd2 42.f4 Bc3
43.Rh3 Bd4 44.Rxa3 Kf8 45.Ra2 Rxa2 46.Bxa2 e5 47.fxe5 fxe5 48.Bd5 Ke7 49.Be4 Kf6
50.Kg2 Ke6 51.Kg3 Kd6 52.Rh1 Bd7 53.Rh6+ Kc5 54.Rf6 Bc3 55.Rf3 Bd2 56.Rd3 Bf4+
57.Kh4 Be6 58.Kh5 Bf7+ 59.Kg4 Be6+ 60.Kf3 Bf7 61.Rd7 Bh5+ 62.Kg2 Bg4 63.Rd8 Be6
64.Kf1 Bg5 65.Re8 Kd6 66.Ke2 Bc4+ 67.Bd3 Bd5 68.f3 Bf4 69.Rd8+ Kc5 70.Be4 Bc4+
71.Kf2 Be6 72.Bh7 Bf7 73.Bg8 Bg6 74.Ke2 e4 75.Rd5+ Kc6 76.fxe4 Bd6 77.Kf3 Bc5
78.Kf4 Bd6+ 79.e5 Be7 80.Rd1 Bh5 81.Rh1 Be8 82.Kf5 Bd7+ 83.Be6  1-0

[Event "Bundesliga 2006-7"]
[Site "Muelheim GER"]
[Date "2007.03.18"]
[Round "13"]
[White "Chuchelov,V"]
[Black "Sokolov,And1"]
[Result "1/2-1/2"]
[WhiteElo "2539"]
[BlackElo "2585"]

1.Nf3 Nf6 2.c4 c5 3.Nc3 e6 4.g3 b6 5.Bg2 Bb7 6.O-O d6 7.Re1 Nbd7 8.e4 Rc8
9.d4 cxd4 10.Nxd4 Rxc4 11.Nf5 Ne5 12.f4 exf5 13.exf5 Bxg2 14.fxe5 dxe5 15.Rxe5+ Be7
16.Qxd8+ Kxd8 17.Kxg2 Bd6 18.Re2 Re8 19.Rd2 Ke7 20.Rd3 Be5 21.Bd2 Rd8 22.Rxd8 Kxd8
23.Rd1 Ke7 24.Re1 Nd7 25.Kf3 f6 26.Re4 Rc8 27.Rh4 h6 28.Ra4 a5 29.Re4 Kf7
30.Re2 h5 31.Ne4 g6 32.fxg6+ Kxg6 33.Be3 a4 34.Rd2 Rc7 35.Bf4 Kf5 36.h3 Ke6  1/2-1/2

[Event "71st ch-BUL"]
[Site "Pernik BUL"]
[Date "2007.03.19"]
[Round "12"]
[White "Genov,Peta"]
[Black "Yordanov,N"]
[Result "1-0"]
[WhiteElo "2489"]
[BlackElo "2237"]

1.c4 Nf6 2.Nc3 c5 3.Nf3 d5 4.cxd5 Nxd5 5.d4 cxd4 6.Qxd4 Nxc3 7.Qxc3 Nc6 8.e4 e6
9.a3 Bd7 10.Be2 Rc8 11.O-O Na5 12.Qd3 Ba4 13.Qxd8+ Rxd8 14.Be3 Nb3 15.Bd1 b6
16.Rc1 b5 17.Bxb3 Bxb3 18.Nd2 Rd3 19.Nxb3 Rxb3 20.Rc8+ Kd7 21.Rfc1 e5 22.R1c7+ Ke6
23.Rc6+ Kd7 24.R8c7+ Ke8 25.Rxa7 Be7 26.Rc8+ Bd8  1-0

[Event "Open"]
[Site "Zagreb CRO"]
[Date "2007.03.19"]
[Round "3"]
[White "Lalic,B"]
[Black "Klasan,V"]
[Result "1-0"]
[WhiteElo "2522"]
[BlackElo "2276"]

1.c4 Nf6 2.Nc3 c5 3.Nf3 d5 4.cxd5 Nxd5 5.e4 Nb4 6.Bc4 Nd3+ 7.Ke2 Nf4+ 8.Kf1 Ne6
9.b4 g6 10.bxc5 Bg7 11.Bxe6 Bxe6 12.d4 Bc4+ 13.Kg1 O-O 14.h4 Nc6 15.Be3 Qa5
16.Rc1 Rad8 17.h5 Nxd4 18.Bxd4 Bxd4 19.Nxd4 e5 20.Nd5 Bxd5 21.exd5 exd4 22.Qxd4 Qxa2
23.d6 Qe6 24.Rh3 Rd7 25.Re3 Qf5 26.h6 f6 27.Re7 Rxe7 28.dxe7 Re8 29.Qc4+  1-0

[Event "zt 2.5 m"]
[Site "San Luis ARG"]
[Date "2007.03.20"]
[Round "2"]
[White "Peralta,Fe"]
[Black "Lujan,C"]
[Result "1/2-1/2"]
[WhiteElo "2549"]
[BlackElo "2405"]

1.Nf3 Nf6 2.c4 g6 3.Nc3 c5 4.e4 Bg7 5.d4 cxd4 6.Nxd4 d6 7.Be2 Nc6 8.Nc2 O-O
9.O-O Bd7 10.Bg5 Rc8 11.Qd2 Na5 12.Ne3 Be6 13.b3 b5 14.Rac1 bxc4 15.b4 Nc6
16.a3 Ne5 17.Kh1 Nd3 18.Bxd3 cxd3 19.f3 a5 20.Qxd3 axb4 21.axb4 Qb6 22.Bxf6 Bxf6
23.Ncd5 Qa7 24.b5 Rxc1 25.Rxc1 Rc8 26.Rxc8+ Bxc8 27.h3 Kg7 28.b6 Qa1+ 29.Kh2 Bb7
30.Nxf6 Qxf6 31.Nd5 Bxd5 32.Qxd5 Qf4+ 33.g3 Qe3 34.Qb5 Qf2+ 35.Kh1 Qxf3+
36.Kh2 Qf2+ 37.Kh1 Qf3+ 38.Kh2  1/2-1/2

[Event "zt 2.5 m"]
[Site "San Luis ARG"]
[Date "2007.03.20"]
[Round "3"]
[White "Hobaica,J"]
[Black "Needleman,G"]
[Result "1/2-1/2"]
[WhiteElo "2367"]
[BlackElo "2437"]

1.Nf3 Nf6 2.c4 e6 3.Nc3 c5 4.g3 b6 5.Bg2 Bb7 6.O-O Be7 7.b3 O-O 8.Bb2 Nc6
9.d4 Nxd4 10.Nxd4 Bxg2 11.Kxg2 cxd4 12.Qxd4 Qc8 13.Qf4 Qb7+ 14.Qf3 Qxf3+
15.Kxf3 Rfd8 16.Rfd1 Kf8 17.Rd3 d6 18.Rad1 Rd7 19.e3 Ne8 20.Ke2 a6 21.a4 Rb7
22.f4 g6 23.g4 Bf6 24.Ba3 b5 25.Ne4 b4 26.Bc1 Be7 27.g5 Rd8 28.Bb2 Rc7 29.R3d2 Rc6
30.Kf3 Ng7 31.Nf6 Bxf6 32.Bxf6 Rd7 33.Bxg7+ Kxg7 34.e4 Kf8 35.e5 d5 36.cxd5 exd5
37.Rxd5 Rxd5 38.Rxd5 Rc3+ 39.Kg4 Rxb3 40.Ra5 Rb2 41.h3 b3 42.Rxa6 Rb1 43.Ra8+ Ke7
44.Rb8 b2 45.Kh4 Ke6 46.a5 Kf5 47.Rb4 Ra1 48.Rxb2 Kxf4 49.Rf2+ Kxe5 50.Rxf7 Rxa5
51.Rxh7 Ra4+ 52.Kg3 Ra3+ 53.Kg4 Ra4+ 54.Kf3 Ra3+ 55.Ke2 Ra2+ 56.Kd3 Kf5 57.h4 Ra4
58.Rh6 Re4 59.Rxg6 Rxh4 60.Rg8 Rg4  1/2-1/2

[Event "60th ch-RUS sf Urals"]
[Site "Nizhnij Tagil RUS"]
[Date "2007.03.22"]
[Round "9"]
[White "Demin,V1"]
[Black "Sorokin,M"]
[Result "1/2-1/2"]
[WhiteElo "2441"]
[BlackElo "2547"]

1.Nf3 Nf6 2.c4 g6 3.Nc3 c5 4.e4 Bg7 5.d4 O-O 6.Be2 cxd4 7.Nxd4 Nc6 8.Be3 b6
9.O-O Bb7 10.f3 e6 11.Rc1 Qe7 12.Nxc6 Bxc6 13.Bf4 Ne8 14.Qd2 a6 15.Be3 Rb8
16.a3 Nc7 17.Bf4 e5 18.Bg5 Bf6 19.Bh6 Rfc8 20.Nd5 Nxd5 21.cxd5 Bb7 22.Be3 b5
23.Rxc8+ Rxc8 24.Rc1 d6 25.Rxc8+ Bxc8 26.Qc1 Qb7 27.Qc3 Bd8 28.f4 Qc7 29.Qxc7 Bxc7
30.g4 exf4 31.Bxf4 f6 32.Kg2 Kf7 33.h4 Ke7 34.Be3 Ba5 35.b4 Bd8 36.Kg3 Kf7
37.Bd4 h6 38.Be3  1/2-1/2

[Event "66th ch-GEO"]
[Site "Tbilisi GEO"]
[Date "2007.03.23"]
[Round "9"]
[White "Gagunashvili,M"]
[Black "Aroshidze,L"]
[Result "1-0"]
[WhiteElo "2611"]
[BlackElo "2531"]

1.Nf3 c5 2.c4 Nf6 3.Nc3 b6 4.e3 g6 5.d4 Bg7 6.d5 O-O 7.e4 d6 8.Be2 e5 9.Bg5 h6
10.Bh4 Na6 11.Nd2 Qe8 12.g4 Nh7 13.Bg3 f5 14.gxf5 gxf5 15.exf5 Bxf5 16.Nde4 Qe7
17.Bg4 Nc7 18.Bxf5 Rxf5 19.Qg4 Raf8 20.Bh4 Qd7 21.Ng3 R5f7 22.Qxd7 Rxd7 23.Nge4 Rf4
24.Bg3 Rf5 25.a4 Nf6 26.Ke2 Nxe4 27.Nxe4 Bf6 28.Ra3 Bd8 29.Rf3 Rxf3 30.Kxf3 Ne8
31.Ke2 Nf6 32.Nc3 Nh5 33.Rb1 a5 34.Ra1 Rg7 35.Ne4 Rg6 36.Ra3 Kf7 37.Rf3+ Ke8
38.Re3 Kd7 39.Rb3 Rg4 40.Kf3 Rg6 41.Ke2 Rg4 42.f3 Rg8 43.Kf2 Rg7 44.Kf1 Rg8
45.Bf2 Kc7 46.Rc3 Bg5 47.Bg3 Kd7 48.Rc2 Rf8 49.Kg2 Nf6 50.Nf2 Nh5 51.Re2 Rg8
52.Ne4 Rf8 53.Rf2 Be3 54.Rf1 Rg8 55.Kh3 Rg6 56.Re1 Nf4+ 57.Bxf4 exf4 58.Re2 Rg1
59.Rg2 Rf1 60.Kg4 Ke7 61.Kf5 Rxf3 62.Rg7+ Kf8 63.Kg6 Rf1 64.Rf7+ Ke8 65.Nxd6+ Kd8
66.Kf5 Re1 67.Nb7+ Ke8 68.Rc7 f3 69.d6 Bg5 70.Kg6 Re6+ 71.Kg7 Bf6+ 72.Kg8 Bd8
73.Rc8 Kd7 74.Rxd8+ Kc6 75.Rc8+ Kxb7 76.d7 Rg6+ 77.Kh7  1-0

[Event "TCh-BEL 2006-7"]
[Site "Belgium BEL"]
[Date "2007.03.25"]
[Round "11"]
[White "Bauduin,E"]
[Black "Allaert,D"]
[Result "1-0"]
[WhiteElo "2285"]
[BlackElo "1996"]

1.c4 Nf6 2.Nc3 c5 3.Nf3 d5 4.cxd5 Nxd5 5.e3 Nc6 6.Bb5 Nxc3 7.bxc3 Bd7 8.O-O g6
9.d4 Bg7 10.Ba3 cxd4 11.cxd4 O-O 12.Rc1 Re8 13.Qd2 a6 14.Be2 Bg4 15.h3 Bf5
16.d5 Ne5 17.Bb2 Qd6 18.Rfd1 Rac8 19.Nxe5 Bxe5 20.Bf3 Rxc1 21.Bxc1 Rc8 22.e4 Bd7
23.Bb2 Bf4 24.Qe1 f6 25.g3 Bh6 26.e5 Qb6 27.Bd4 Qd8 28.d6 Bc6 29.exf6 exf6
30.Bg4 Bd7 31.Bxd7 Qxd7 32.Bxf6 Bf8 33.Ba1 Rd8 34.Qc3 Bg7 35.Qc4+ Kh8 36.Bxg7+ Qxg7
37.d7 Qe7 38.Qd5 Kg7 39.Qxb7 Qe2 40.Qd5 Kf8 41.Rd3 Kg7 42.Re3 Qh5 43.Re7+ Kh6
44.Qd2+ g5  1-0

[Event "ch-DEN"]
[Site "Aalborg DEN"]
[Date "2007.04.01"]
[Round "2"]
[White "Rasmussen,Kar"]
[Black "Lund,E"]
[Result "0-1"]
[WhiteElo "2462"]
[BlackElo "2309"]

1.c4 Nf6 2.Nc3 c5 3.Nf3 e6 4.g3 b6 5.Bg2 Bb7 6.O-O d6 7.Re1 Be7 8.e4 a6 9.d4 cxd4
10.Nxd4 Qc7 11.Be3 O-O 12.Rc1 Re8 13.f4 Nbd7 14.f5 e5 15.Nd5 Qb8 16.Nb3 Bd8
17.Qe2 b5 18.Nd2 bxc4 19.Nxc4 Bxd5 20.exd5 Nb6 21.Kh1 Nbxd5 22.Bg5 e4 23.Red1 Bc7
24.Rd4 h6 25.Bh4 Qb5 26.Rcd1 Rac8 27.a4 Qc5 28.b4 Qc6 29.Qd2 Bb8 30.a5 Ba7
31.Nb6 Bxb6 32.axb6 Qxb6 33.Rxd5 Nxd5 34.Qxd5 e3 35.g4 Qxb4 36.Qf3 Qd2 37.Be1 Qb2
38.Kg1 Rc1 39.Rxc1 Qxc1 40.Qe2 Rb8 41.Be4 Rb2 42.Qf1 Ra2 43.Bg3 Ra1 44.Qxc1 Rxc1+
45.Kg2 e2  0-1

[Event "ch-DEN"]
[Site "Aalborg DEN"]
[Date "2007.04.03"]
[Round "4"]
[White "Rasmussen,Kar"]
[Black "Schandorff,L"]
[Result "1/2-1/2"]
[WhiteElo "2462"]
[BlackElo "2536"]

1.c4 Nf6 2.Nc3 c5 3.Nf3 e6 4.g3 b6 5.Bg2 Bb7 6.O-O Be7 7.Re1 Ne4 8.Nxe4 Bxe4
9.d3 Bb7 10.e4 Nc6 11.d4 cxd4 12.Nxd4 Nxd4 13.Qxd4 O-O 14.Be3  1/2-1/2

[Event "8th ch-Euro"]
[Site "Dresden GER"]
[Date "2007.04.03"]
[Round "1"]
[White "Agrest,E"]
[Black "Schlawin,M"]
[Result "0-1"]
[WhiteElo "2561"]
[BlackElo "2306"]

1.Nf3 c5 2.c4 Nf6 3.Nc3 e6 4.g3 b6 5.Bg2 Bb7 6.O-O Be7 7.b3 O-O 8.Bb2 d5
9.e3 dxc4 10.bxc4 Ne4 11.Qc2 Nxc3 12.Bxc3 Nc6 13.h4 h6 14.Rfd1 Bf6 15.Rab1 Bxc3
16.Qxc3 Rc8 17.Ne5 Qc7 18.Nd3 Ne7 19.Qe5 Bxg2 20.Qxc7 Rxc7 21.Kxg2 Rd8 22.Ne5 f6
23.Nf3 Nc6 24.Kf1 Rcd7 25.Ke2 e5 26.Ne1 e4 27.Rb2 Ne5 28.Rc1 f5 29.h5 Kf7
30.Rc3 Kf6 31.Ng2 Nd3 32.Rbc2 Kg5 33.Nf4 Nxf4+ 34.exf4+ Kxh5 35.a4 Rd3 36.a5 R8d4
37.axb6 axb6 38.Rb2 Rxc3 39.dxc3 Rxc4 40.Kd2 Kg4 41.Ke2 Rxc3 42.Rxb6 Rc2+
43.Ke3 g5 44.Rg6 Kh5 45.Rc6 gxf4+ 46.gxf4 Rc3+ 47.Kd2 Rd3+ 48.Ke2 Kg4 49.Rxc5 h5
50.Rc8 Rf3 51.Rg8+ Kh4 52.Re8 Rxf4 53.Kf1 Kh3 54.Kg1 Rg4+ 55.Kf1 h4 56.Re5 Rg5
57.f3 Kg3 58.fxe4 h3 59.Re8 h2 60.Rh8 fxe4 61.Rh7 e3 62.Rh8 e2+  0-1

[Event "8th ch-Euro"]
[Site "Dresden GER"]
[Date "2007.04.04"]
[Round "2"]
[White "Werle,J"]
[Black "Sondermann,J"]
[Result "1-0"]
[WhiteElo "2566"]
[BlackElo "2154"]

1.Nf3 Nf6 2.c4 c5 3.Nc3 e6 4.g3 b6 5.Bg2 Bb7 6.O-O Be7 7.d4 cxd4 8.Qxd4 d6
9.Bg5 Nbd7 10.Nb5 Nc5 11.Bxf6 gxf6 12.Rfd1 d5 13.Qf4 e5 14.Qg4 d4 15.b4 Ne6
16.Nfxd4 h5 17.Nxe6 hxg4 18.Nbc7+  1-0

[Event "8th ch-Euro"]
[Site "Dresden GER"]
[Date "2007.04.04"]
[Round "2"]
[White "Eichner,S"]
[Black "Markus,Rob"]
[Result "0-1"]
[WhiteElo "2276"]
[BlackElo "2560"]

1.Nf3 Nf6 2.c4 c5 3.Nc3 e6 4.g3 b6 5.Bg2 Bb7 6.O-O Be7 7.Re1 d6 8.e4 a6 9.d4 cxd4
10.Nxd4 Qc7 11.Be3 Nbd7 12.f4 Rc8 13.Rc1 Qb8 14.b3 O-O 15.g4 Nc5 16.Bf2 Qa8
17.Qe2 g6 18.Rcd1 Rfe8 19.g5 Nh5 20.Qg4 Bf8 21.Re3 Rc7 22.Nde2 Bc6 23.Nd4 Bb7
24.Nde2 Nd7 25.Ng3 Nxg3 26.Rxg3 Nc5 27.f5 exf5 28.exf5 Ne4 29.Bxe4 Bxe4 30.Nd5 Bxd5
31.Rxd5 Rce7 32.Qh4 Re4 33.Rg4 gxf5 34.Rf4 R8e5 35.Rxe5 Rxe5 36.Bxb6 Bg7
37.Qf2 Re4 38.h3 Qe8 39.Kf1 Bc3 40.Rxe4 Qxe4 41.Be3 Be5 42.Qe2 Qh1+ 43.Bg1 Qxh3+
44.Qg2 Qc3 45.Qa8+ Kg7 46.Qxa6 Qf3+ 47.Bf2 Bd4 48.Ke1 Bxf2+ 49.Kd2 Qe3+ 50.Kc2 Qe4+
51.Kb2 Bc5 52.Qc8 Qe2+ 53.Kc3 f4 54.Qd8 Qe5+ 55.Kc2 f3 56.Qd7 Qe6 57.Qc6 Qf5+
58.Kc3 f2 59.Qh1 f1=Q 60.Qh6+ Kg8  0-1

[Event "9th Open"]
[Site "Foxwoods USA"]
[Date "2007.04.04"]
[Round "1"]
[White "Mulyar,M"]
[Black "Chernin,O"]
[Result "1-0"]
[WhiteElo "2376"]
[BlackElo "2167"]

1.c4 Nf6 2.Nc3 c5 3.Nf3 d5 4.cxd5 Nxd5 5.d4 e6 6.g3 Nc6 7.Bg2 Be7 8.O-O O-O
9.Rb1 cxd4 10.Nxd4 Nxd4 11.Qxd4 Bf6 12.Qc4 Nxc3 13.bxc3 Qa5 14.Be3 Qxc3 15.Qa4 h6
16.Rfd1 Be7 17.Bxb7 Bxb7 18.Rxb7 Qa3 19.Qxa3 Bxa3 20.Bxa7 Rac8 21.Rd3 Bc5
22.a4 Bxa7 23.Rxa7 Rc2 24.e3 Ra2 25.Rdd7 g6 26.a5 Kg7 27.a6 Kf6 28.Rdc7 h5
29.h4 Kg7 30.Rc6 Kf6 31.Rd7 Ra8 32.Rcc7 R8xa6 33.Rxf7+ Ke5 34.Rg7 Kf5 35.Rcf7+ Kg4
36.Kg2 e5 37.e4 Re6 38.Rf5  1-0

[Event "1st Archil Ebralidze Mem"]
[Site "Tbilisi GEO"]
[Date "2007.04.04"]
[Round "1"]
[White "Bagaturov,G"]
[Black "Aroshidze,L"]
[Result "0-1"]
[WhiteElo "2478"]
[BlackElo "2500"]

1.Nf3 c5 2.c4 Nf6 3.Nc3 e6 4.e4 d6 5.d4 cxd4 6.Nxd4 a6 7.Be2 b6 8.O-O Bb7
9.f3 Be7 10.Be3 O-O 11.Qd2 Nbd7 12.Rfd1 Qc7 13.Rac1 Rac8 14.Kh1 Qb8 15.Bf1 Bd8
16.a4 Kh8 17.b3 Rg8 18.Nde2 Bc7 19.Ng3 h6 20.Bd4 Ne5 21.f4 Ned7 22.Qe2 Qa8
23.e5 dxe5 24.fxe5 Nh7 25.Qh5 f6 26.exf6 Nhxf6 27.Qh4 Ne5 28.Nh5 Nf3 29.Qh3 Nxh5
30.Qxh5 Bf4 31.Rc2 Rcf8 32.Bxb6 Rf5 33.Qh3 Nxh2 34.Nd5 Bxd5 35.cxd5 Nxf1
36.Rxf1 Qxd5 37.Rc5 Qd6 38.Rxf5 exf5 39.Qxf5 Qxb6 40.Rxf4 Qxb3 41.Qe5 Rd8
42.Kh2 Qb8 43.Qxb8 Rxb8 44.Kg3 Kh7 45.Rf5 Rb6 46.Rc5 Kg6 47.Kf3 h5 48.Ra5 Kh6
49.Kg3 g5 50.Kh3 h4 51.Kg4 Rb4+ 52.Kh3 Rb3+ 53.Kh2 Rb6 54.Rc5 Kh5 55.Kh3 Re6
56.Rd5 Re3+ 57.Kh2 Kg4 58.Rd6 Re2 59.Rd4+ Kf5 60.Rd5+ Ke4 61.Rd6 a5 62.Kh3 Re3+
63.Kh2 Kf4 64.Rf6+ Kg4 65.Ra6 Re2 66.Rxa5 h3 67.Kh1 Rxg2 68.Rb5 Ra2 69.a5 Kh4  0-1

[Event "8th ch-Euro"]
[Site "Dresden GER"]
[Date "2007.04.05"]
[Round "3"]
[White "Markowski,T"]
[Black "Vuilleumier,A"]
[Result "1-0"]
[WhiteElo "2553"]
[BlackElo "2368"]

1.Nf3 Nf6 2.c4 c5 3.Nc3 g6 4.g3 Bg7 5.Bg2 O-O 6.O-O Nc6 7.d4 cxd4 8.Nxd4 d6
9.Nxc6 bxc6 10.Bxc6 Rb8 11.Bg2 Qa5 12.Qc2 Bb7 13.Bxb7 Rxb7 14.b3 d5 15.Bd2 Rc8
16.Na4 Qa6 17.Rac1 dxc4 18.bxc4 Rbc7 19.Nb2 Qe6 20.Bc3 Qh3 21.Bxf6 Bxf6 22.Nd3 Rxc4
23.Qxc4 Rxc4 24.Rxc4 h5 25.Rfc1 Kg7 26.R1c2 Qd7 27.h4 Bd4 28.Kh2 Bb6 29.Re4 Qd6
30.Rec4 e5 31.Nc5 Qd1 32.Kg2 Qd5+ 33.e4 Qd1 34.Nb3 Qd3 35.Nc5 Qd1 36.a4 Kh6
37.Nb3 Qd3 38.Nc1 Qd1 39.R2c3 Qd7 40.Nb3 Kg7 41.a5 Bd8 42.Re3 Be7 43.Rcc3 f5
44.Rc4 Bxh4 45.gxh4 f4 46.Rh3 Qg4+ 47.Kh2 Qe2 48.Rc7+ Kf8 49.Kg2 Qg4+ 50.Kh2 Qe2
51.Rc1 Qxf2+ 52.Kh1 f3 53.Rh2 Qe3 54.Nd2 Ke7 55.Rf1 Kd7 56.Rxf3 Qe1+ 57.Rf1 Qe3
58.Rg1 Kc6 59.Rxg6+ Kb5 60.Rg5 Ka6 61.Rf5 Qe1+ 62.Rf1 Qe3 63.Rff2 Qe1+ 64.Kg2 Qd1
65.Nf1 Kxa5 66.Ng3 Kb4 67.Rh1 Qd3 68.Rf5 a5 69.Rxh5 a4 70.Rf5 a3 71.Rf3 Qc2+
72.Rf2 Qb3 73.h5 Qg8 74.Ra1  1-0

[Event "8th ch-Euro"]
[Site "Dresden GER"]
[Date "2007.04.06"]
[Round "4"]
[White "Logothetis,S"]
[Black "Grooten,H"]
[Result "1/2-1/2"]
[WhiteElo "2221"]
[BlackElo "2387"]

1.Nf3 Nf6 2.c4 c5 3.Nc3 e6 4.g3 b6 5.Bg2 Bb7 6.O-O d6 7.d4 cxd4 8.Qxd4 a6
9.Rd1 Nbd7 10.Bg5 Be7 11.Qd2 Rc8 12.Bf4 e5 13.Bg5 Bxf3 14.exf3 Rxc4 15.Bf1 Rd4
16.Qe3 Ng4 17.fxg4 Bxg5 18.f4 Rxd1 19.Rxd1 Be7 20.Nd5 O-O 21.Bxa6 Nf6 22.Qxb6 Qxb6+
23.Nxb6 Rb8 24.Nc8 Kf8 25.g5 Ne4 26.Nxe7 Kxe7 27.b3 Nc3 28.Rc1 Nxa2 29.Rc7+ Ke6
30.fxe5 d5 31.Rb7 Rxb7 32.Bxb7 Kxe5 33.Kf2 Nc1 34.Bc6 Nxb3 35.Be8 Ke6 36.Ke3 Ke7
37.Bc6 Ke6 38.h4 Ke5 39.Be8 f6 40.gxf6 gxf6 41.g4 h6 42.Bg6 Nc5 43.Bf5 d4+
44.Kf3 Nb3 45.Bg6 Nd2+ 46.Ke2 Ne4 47.Kf3 Nd6 48.Bh7 Nc4 49.Bg6 Ne3 50.Bd3 Nd5
51.Bg6 Nf4 52.Bh7 h5 53.gxh5 Nxh5 54.Bg6 Nf4 55.h5 f5 56.Be8 Ne6 57.h6 Ng5+
58.Ke2 Kf6 59.Kd3 Ne6 60.h7 Kg7 61.Bf7 Ng5 62.Bd5 Nxh7 63.Kxd4 Kf6 64.Be4 fxe4  1/2-1/2

[Event "9th Open"]
[Site "Foxwoods USA"]
[Date "2007.04.06"]
[Round "5"]
[White "Vavrak,P"]
[Black "Arnold,M"]
[Result "1-0"]
[WhiteElo "2421"]
[BlackElo "2237"]

1.Nf3 Nf6 2.c4 c5 3.Nc3 e6 4.e4 d6 5.d4 cxd4 6.Nxd4 Be7 7.Be3 a6 8.Be2 Qc7
9.O-O O-O 10.f3 b6 11.Qe1 Re8 12.Qf2 Bb7 13.Rfe1 Nbd7 14.a4 Rac8 15.a5 bxa5
16.Nb3 Rb8 17.Nxa5 Ba8 18.Bf1 Bf8 19.Kh1 Ne5 20.Qd2 Qd8 21.Ba7 Rc8 22.Bd4 Ned7
23.b4 d5 24.c5 dxe4 25.Bxa6 exf3 26.Bxc8 fxg2+ 27.Kg1 Ne5 28.Bb7 Bxb7 29.Nxb7 Qd7
30.Qd1 Qxd4+ 31.Qxd4 Nf3+ 32.Kxg2 Nxd4 33.Rab1 e5 34.b5 e4 35.c6 e3 36.c7 e2
37.Nd8 Nh5  1-0